Nutrición infantil en paises en desarrollo : (Registro nro. 12980)
[ vista simple ]
| 000 -LIDER | |
|---|---|
| fixed length control field | 00734nam a22002297a 4500 |
| 003 - IDENTIFICACDOR DE NÚMERO DE CONTROL | |
| control field | DO-SdBNP |
| 005 - DATE AND TIME OF LATEST TRANSACTION | |
| control field | 20171205085110.0 |
| 008 - ELEMENTOS DE LONGITUD FIJA | |
| fixed length control field | 161031b 1974 mx c 1 00| 0 spa d |
| 040 ## - FUENTE DE CATALOGACIÓN | |
| Agencia que crea de manera original el registro | BPMSU |
| Idioma de catalogación | spa |
| Agencia que realiza la transcripción | BPMSU |
| 082 ## - NÚMERO DE CLASIFICACIÓN DECIMAL DE DEWEY | |
| Classification number | xxxx |
| Item number | xxxx |
| 100 1# - ASIENTO PRINCIPAL -- NOMBRE PERSONAL | |
| Nombre personal | Jelliffe, Derrick B. |
| Fechas asociadas con el nombre | 1921-1992 |
| 245 10 - MENCIÓN DE TITULO | |
| Título | Nutrición infantil en paises en desarrollo : |
| Subtítulo | para trabajadores especializados / |
| Mención de responsabilidad | Derrick B. Jelliffe ; Antonio Bosch Tejeda |
| 250 ## - MENCIÓN DE EDICION | |
| Mención de edición | 3a. ed. |
| 260 ## - PUBLICACIÓN, DISTRIBUCIÓN, ETC. (PIE DE IMPRENTA) | |
| Lugar de publicación, distribución, etc | Mexico : |
| Nombre del editor, distribuidor, etc. | Limusa, |
| Fecha de publicación, distribución, etc | 1974. |
| 300 ## - DESCRIPCIÓN FÍSICA | |
| Extensión | 263 p. : |
| Dimensiones | 24 cm. |
| 500 ## - NOTA GENERAL | |
| Nota general | Incluye índice. |
| 700 1# - ASIENTO SECUNDARIO -- NOMBRE PERSONAL | |
| Nombre personal | Bosch Tejeda, Antonio |
| Mención de responsabilidad | trad. |
| 910 ## - VALIDACIÓN | |
| Validación | 000144 |
| 942 ## - ADDED ENTRY ELEMENTS (KOHA) | |
| Source of classification or shelving scheme | Dewey Decimal Classification |
| Koha item type | Libros |
| 945 ## - INFORMACIÓN DE PROCESAMIENTO LOCAL | |
| Información de procesamiento local | inventariado extranjero / DG |
| 956 ## - LOCAL ELECTRONIC LOCATION AND ACCESS (OCLC) | |
| Método de acceso | YLOCKWARD |
| Materiales especificados | 10 |
| Campo enlazado y núm. de secuencia | BPMSU |
| Nombre de host | Yngrid Lockward |
| Withdrawn status | Lost status | Source of classification or shelving scheme | Damaged status | Not for loan | Collection code | Home library | Current library | Date acquired | Source of acquisition | Total Checkouts | Full call number | Barcode | Date last seen | Price effective from | Koha item type |
|---|---|---|---|---|---|---|---|---|---|---|---|---|---|---|---|
| Dewey Decimal Classification | Colección General | Biblioteca Pública Metropolitana Salomé Ureña | Biblioteca Pública Metropolitana Salomé Ureña | 11/21/2017 | Donado por Fundi | xxxx xxxx | BPMSU17110293 | 11/21/2017 | 11/21/2017 | Libros |